[Event "8th Lost Boys op"]
[Site "Amsterdam NED"]
[Date "2000.08.14"]
[Round "4"]
[White "De Jong, Migchiel"]
[Black "Bosch, Jeroen"]
[Result "0-1"]
[WhiteElo "2276"]
[BlackElo "2405"]
[EventDate "2000.08.11"]
[PlyCount "104"]

1.Nf3 c5 2.b3 Nc6 3.Bb2 d5 4.e3 e6 5.d4 Nf6 6.Be2 cxd4 7.Nxd4 Bb4+ 8.c3 
Nxd4 9.Qxd4 Bd6 10.O-O e5 11.Qh4 h6 12.Nd2 g5 13.Qa4+ Bd7 14.Bb5 a6 15.
Bxd7+ Qxd7 16.Qxd7+ Kxd7 17.c4 Rhe8 18.Rfd1 Ke6 19.cxd5+ Nxd5 20.Nc4 Bc7 
21.Rac1 Red8 22.Kf1 Nb4 23.a3 Nd3 24.Rc3 e4 25.Ba1 Rac8 26.Nb2 Nxb2 27.
Rxd8 Rxd8 28.Bxb2 Be5 29.Rc2 Bxb2 30.Rxb2 Rd3 31.Ke2 f5 32.f3 Ke5 33.g3 f4
34.gxf4+ gxf4 35.exf4+ Kxf4 36.fxe4 Kxe4 37.a4 Rh3 38.Kd1 Kd4 39.Kc1 Kc3 
40.Kb1 Rd3 41.Ka2 b5 42.axb5 axb5 43.b4 Rd2 44.Rxd2 Kxd2 45.h4 h5 46.Kb2 
Kd3 47.Kb3 Kd4 48.Kb2 Kc4 49.Kc2 Kxb4 50.Kb2 Kc4 51.Ka3 Kc3 52.Ka2 Kd4 0-1

[Event "8th Lost Boys op"]
[Site "Amsterdam NED"]
[Date "2000.08.14"]
[Round "4"]
[White "Remmel, Tim"]
[Black "Peng, Zhaoqin"]
[Result "0-1"]
[WhiteElo "2225"]
[BlackElo "2403"]
[EventDate "2000.08.11"]
[PlyCount "64"]

1.e4 e6 2.Qe2 c5 3.g3 Nc6 4.Bg2 g6 5.f4 Bg7 6.Nf3 Nge7 7.O-O d6 8.c3 O-O 
9.d3 e5 10.Be3 b6 11.Nbd2 h6 12.Nh4 f6 13.f5 g5 14.Nhf3 d5 15.exd5 Nxd5 
16.g4 Bb7 17.Ne4 Qc7 18.Rad1 Rad8 19.h4 Qe7 20.hxg5 hxg5 21.Kf2 Nf4 22.
Bxf4 exf4 23.Rh1 Rfe8 24.Rh5 c4 25.Qc2 cxd3 26.Qb3+ Kf8 27.Re1 d2 28.Nexd2
Rxd2+ 29.Kf1 Re2 30.Rxe2 Qxe2+ 31.Kg1 Ne5 32.Qa3+ Re7 0-1

[Event "8th Lost Boys op"]
[Site "Amsterdam NED"]
[Date "2000.08.14"]
[Round "4"]
[White "Hendriks, Willy"]
[Black "Erwich, Frank"]
[Result "1-0"]
[WhiteElo "2378"]
[BlackElo "2224"]
[EventDate "2000.08.11"]
[PlyCount "83"]

1.g3 Nf6 2.Bg2 e6 3.c4 c5 4.Nf3 b6 5.Ne5 d5 6.Nc3 Bb7 7.cxd5 exd5 8.d4 Be7
9.Qa4+ Nbd7 10.dxc5 bxc5 11.Nxd7 Qxd7 12.Qxd7+ Kxd7 13.Bg5 h6 14.Bxf6 Bxf6
15.Nxd5 Bxd5 16.O-O-O Bd4 17.Bxd5 Rab8 18.b3 Ke7 19.e3 Bc3 20.Kc2 Ba5 21.
e4 Rhd8 22.Rd3 Rd7 23.h4 h5 24.Rg1 Rb6 25.Rf3 Kd8 26.Rd1 f6 27.a3 Ra6 28.
Rfd3 Ke7 29.f4 Bc7 30.a4 Rb6 31.Rc3 Bd6 32.Bc4 Bc7 33.Rxd7+ Kxd7 34.Bb5+ 
Kd6 35.Rd3+ Ke6 36.Rd5 Rd6 37.Rxh5 Ba5 38.Bc4+ Ke7 39.Bd5 f5 40.Rxf5 Rg6 
41.Rf7+ Kd8 42.Rxa7 1-0

[Event "8th Lost Boys op"]
[Site "Amsterdam NED"]
[Date "2000.08.14"]
[Round "4"]
[White "Erwich, Marc"]
[Black "Nio Bertholee, Rob"]
[Result "0-1"]
[WhiteElo "2205"]
[BlackElo "2343"]
[EventDate "2000.08.11"]
[PlyCount "92"]

1.e4 e6 2.d4 d5 3.e5 b6 4.c3 Qd7 5.a4 a5 6.f4 h5 7.Bb5 c6 8.Bd3 Ba6 9.Bc2 
c5 10.Ne2 Nc6 11.Be3 cxd4 12.Nxd4 Bc5 13.Bd3 Bxd3 14.Qxd3 Nxd4 15.Bxd4 Ne7
16.O-O Nf5 17.Na3 Bxd4+ 18.cxd4 Qxa4 19.Nb5 Qc4 20.Qxc4 dxc4 21.Nc7+ Kd7 
22.Nxa8 Rxa8 23.Rfd1 Kc6 24.Rd2 b5 25.Kf2 a4 26.Kf3 Kd5 27.g3 b4 28.h3 a3 
29.bxa3 b3 30.g4 c3 31.gxf5 cxd2 32.fxe6 fxe6 33.Ke2 Kc4 34.Kxd2 b2 35.Re1
Rxa3 36.Rb1 Kb3 37.f5 exf5 38.e6 Ra6 39.d5 Rd6 40.Ke3 Rxd5 41.Kf4 g6 42.
Re1 Rd8 43.Kg5 Ka2 44.Kxg6 f4 45.e7 Re8 46.Kxh5 f3 0-1

[Event "8th Lost Boys op"]
[Site "Amsterdam NED"]
[Date "2000.08.14"]
[Round "4"]
[White "Amesz, Jaap"]
[Black "Wortel, Marten"]
[Result "1-0"]
[WhiteElo "2185"]
[BlackElo "2296"]
[EventDate "2000.08.11"]
[PlyCount "71"]

1.c4 e5 2.Nc3 Nc6 3.g3 g6 4.Bg2 Bg7 5.e4 d6 6.Nge2 Be6 7.d3 Qd7 8.Nd5 Nce7
9.O-O c6 10.Ne3 h5 11.f4 h4 12.Qe1 Nh6 13.gxh4 f5 14.Bd2 O-O-O 15.Bc3 Rh7 
16.d4 fxe4 17.fxe5 dxe5 18.dxe5 Nhf5 19.Rd1 Qc7 20.Rxd8+ Qxd8 21.Nf4 Qd7 
22.Qf2 Nxe3 23.Qxe3 Kb8 24.Nxe6 Qxe6 25.Qxe4 Nc8 26.Rf3 Qe7 27.Rf4 Rh6 28.
Rg4 Nb6 29.Bd2 Rh7 30.Bf4 Bh6 31.Rxg6 Bxf4 32.Rg8+ Kc7 33.Qxf4 Rxh4 34.Qg3
Rh7 35.e6+ Qd6 36.c5 1-0

[Event "8th Lost Boys op"]
[Site "Amsterdam NED"]
[Date "2000.08.14"]
[Round "4"]
[White "Doggers, Peter"]
[Black "Saravanan, Venkat"]
[Result "0-1"]
[WhiteElo "2146"]
[BlackElo "2412"]
[EventDate "2000.08.11"]
[PlyCount "68"]

1.e4 c5 2.Nf3 Nc6 3.d4 cxd4 4.Nxd4 Nf6 5.Nc3 e5 6.Ndb5 d6 7.Bg5 a6 8.Na3 
b5 9.Nd5 Be7 10.Bxf6 Bxf6 11.c3 Ne7 12.Nxf6+ gxf6 13.Qf3 f5 14.exf5 Bxf5 
15.Bd3 Be6 16.O-O d5 17.Rad1 Qc7 18.Qf6 O-O-O 19.f4 e4 20.f5 exd3 21.fxe6 
Qb6+ 22.Kh1 Qxe6 23.Qxf7 Qxf7 24.Rxf7 Nc6 25.Nb1 Rhe8 26.Kg1 Re2 27.Nd2 
Ne5 28.Rf2 Re8 29.Nb3 Ng4 30.Rxe2 Rxe2 31.Nc1 Rxb2 32.Rxd3 Rc2 33.Nb3 Rxa2
34.Rxd5 Rxg2+ 0-1

[Event "8th Lost Boys op"]
[Site "Amsterdam NED"]
[Date "2000.08.14"]
[Round "4"]
[White "Happel, Hendrik"]
[Black "Krnic, Zdenko"]
[Result "0-1"]
[WhiteElo "2216"]
[BlackElo "2401"]
[EventDate "2000.08.11"]
[PlyCount "102"]

1.d4 Nf6 2.c4 g6 3.Nc3 Bg7 4.e4 O-O 5.Nf3 c6 6.Be2 d5 7.e5 Ne4 8.O-O Nxc3 
9.bxc3 dxc4 10.Bxc4 b5 11.Bb3 Na6 12.c4 Nc7 13.Qe2 Be6 14.Ba3 Qd7 15.Rfd1 
a5 16.cxb5 cxb5 17.Bc5 Rfc8 18.Ng5 Bxb3 19.axb3 Nd5 20.Qf3 f6 21.Nh3 fxe5 
22.b4 e4 23.Qb3 a4 24.Qa2 Kh8 25.Re1 Qf5 26.Qe2 e5 27.g4 Qd7 28.Qxe4 Nc3 
29.Qf3 exd4 30.Ng5 Qd5 31.Qxd5 Nxd5 32.Ne6 d3 33.Nxg7 Kxg7 34.Rad1 Re8 35.
Rxe8 Rxe8 36.Kf1 Re4 37.Rxd3 Nxb4 38.Rd7+ Kf6 39.Rb7 Nd3 40.Rxb5 Nxc5 41.
Rxc5 Rxg4 42.Ra5 Ke6 43.f3 Rb4 44.Kf2 Kd6 45.Kg3 Kc6 46.Ra7 Kb5 47.Rxh7 a3
48.Rb7+ Kc4 49.Ra7 Kb3 50.f4 a2 51.Kg4 Rb5 0-1

[Event "8th Lost Boys op"]
[Site "Amsterdam NED"]
[Date "2000.08.14"]
[Round "4"]
[White "Blees, Albert"]
[Black "Rubingh, Otto"]
[Result "1-0"]
[WhiteElo "2389"]
[BlackElo "2264"]
[EventDate "2000.08.11"]
[PlyCount "81"]

1.e4 d5 2.exd5 Nf6 3.d4 Nxd5 4.Nf3 g6 5.Be2 Bg7 6.O-O O-O 7.c4 Nb6 8.h3 
Na6 9.Nc3 c5 10.d5 e5 11.Bg5 f6 12.Bd2 Bd7 13.a3 Qe7 14.Re1 Nc8 15.b4 Nd6 
16.Nb5 Rfc8 17.Rc1 Qf8 18.Qb3 b6 19.Bf1 Nf5 20.g4 Nd4 21.Nbxd4 cxd4 22.c5 
Nxc5 23.bxc5 bxc5 24.g5 Rab8 25.Qa2 Ba4 26.Bc4 fxg5 27.Nxg5 h6 28.d6+ Kh8 
29.Nf7+ Kh7 30.Be6 Rb7 31.Re4 Rxf7 32.Bxf7 Qxd6 33.Rg4 g5 34.Qe6 Qxe6 35.
Bxe6 Rc7 36.Ba5 Rb7 37.Rxc5 Bd1 38.Rg3 Bf6 39.Bf5+ Kg7 40.Rc7+ Rxc7 41.
Bxc7 1-0

[Event "8th Lost Boys op"]
[Site "Amsterdam NED"]
[Date "2000.08.14"]
[Round "4"]
[White "Egeli, Per Ove"]
[Black "Kottke, Markus"]
[Result "1-0"]
[WhiteElo "2347"]
[BlackElo "2228"]
[EventDate "2000.08.11"]
[PlyCount "69"]

1.c4 Nf6 2.g3 g6 3.Bg2 Bg7 4.Nc3 O-O 5.e4 d6 6.Nge2 e5 7.d3 Na6 8.O-O c6 
9.h3 Ne8 10.Be3 Be6 11.b3 Nec7 12.d4 d5 13.exd5 cxd5 14.dxe5 dxc4 15.f4 
Qc8 16.bxc4 Bxh3 17.Nd5 Re8 18.Rc1 Bxg2 19.Kxg2 b6 20.Nec3 Qe6 21.Ne4 Rad8
22.Nd6 Rf8 23.Qf3 f6 24.exf6 Nxd5 25.cxd5 Qxd6 26.fxg7 Kxg7 27.Rfd1 Kg8 
28.Rc6 Qa3 29.Qe4 Rd6 30.Qe7 Rfd8 31.Bd4 Qxa2+ 32.Kh3 R6d7 33.Qe5 Qa3 34.
Qh8+ Kf7 35.Rf6+ 1-0

[Event "8th Lost Boys op"]
[Site "Amsterdam NED"]
[Date "2000.08.14"]
[Round "4"]
[White "Konings, Frans"]
[Black "Van Harreveld, Frenk"]
[Result "0-1"]
[WhiteElo "2162"]
[BlackElo "2307"]
[EventDate "2000.08.11"]
[PlyCount "52"]

1.d4 e6 2.Nf3 d5 3.e3 c5 4.Bd3 Nc6 5.b3 cxd4 6.exd4 Nf6 7.O-O Qc7 8.a3 Bd6
9.Bb2 b6 10.Nbd2 Bb7 11.Qe2 Ne7 12.Ne5 Ng6 13.Bb5+ Kf8 14.Ndf3 a6 15.Bd3 
Nf4 16.Qd2 Nxd3 17.cxd3 h6 18.Rac1 Qe7 19.h4 Kg8 20.g4 Kh7 21.g5 Nh5 22.
Kg2 Rhf8 23.Rc2 f6 24.gxh6 gxh6 25.Bc1 Qg7+ 26.Kh1 fxe5 0-1

[Event "8th Lost Boys op"]
[Site "Amsterdam NED"]
[Date "2000.08.14"]
[Round "4"]
[White "Van der Hoeven, Gert-Jan"]
[Black "Backelin, Rikard"]
[Result "1/2-1/2"]
[WhiteElo "2251"]
[BlackElo "2306"]
[EventDate "2000.08.11"]
[PlyCount "119"]

1.e4 c5 2.d4 cxd4 3.c3 dxc3 4.Nxc3 Nc6 5.Nf3 e6 6.Bc4 a6 7.O-O b5 8.Bb3 
Nge7 9.Bg5 f6 10.Be3 Ng6 11.Nd4 Na5 12.Nxe6 dxe6 13.Qxd8+ Kxd8 14.Bb6+ Ke8
15.Bxa5 Bd6 16.a4 Ke7 17.axb5 axb5 18.Bd8+ Rxd8 19.Rxa8 Bd7 20.Ra7 Rb8 21.
Rd1 Ne5 22.Ra6 Bc5 23.Rxd7+ Kxd7 24.Bxe6+ Ke8 25.Kf1 Bd4 26.Nd5 Kf8 27.b3 
Nd3 28.Rc6 Nc5 29.Nc7 Rb7 30.Bd5 Ra7 31.Rxc5 Ra1+ 32.Ke2 Ra2+ 33.Kf3 Rxf2+
34.Kg3 Bxc5 35.Ne6+ Ke7 36.Nxc5 Rf1 37.Ne6 g6 38.Nd4 Kd6 39.Nxb5+ Ke5 40.
Bc4 Rh1 41.Nc3 Rc1 42.Nd5 Re1 43.Kf3 Rxe4 44.Nb4 f5 45.Nc6+ Kd6 46.Nd8 Ke5
47.Nf7+ Kf6 48.Nd6 Rd4 49.Nb5 Rh4 50.h3 g5 51.Bd3 h5 52.Nc7 Ke5 53.Na6 Rd4
54.Bc4 h4 55.Nc5 g4+ 56.Kf2 Rd2+ 57.Be2 Kd4 58.Ne6+ Ke5 59.Nc5 Kd4 60.Ne6+
1/2-1/2

[Event "8th Lost Boys op"]
[Site "Amsterdam NED"]
[Date "2000.08.14"]
[Round "4"]
[White "Azadmanesh, Moosa"]
[Black "Pel, Bonno"]
[Result "1-0"]
[WhiteElo "2141"]
[BlackElo "2300"]
[EventDate "2000.08.11"]
[PlyCount "41"]

1.e4 g6 2.d4 Bg7 3.f4 c5 4.Nf3 cxd4 5.Nxd4 Qb6 6.Nb3 d6 7.Qd3 Nf6 8.Be3 
Qc7 9.Nc3 O-O 10.O-O-O Nc6 11.h3 Be6 12.Kb1 Rfc8 13.g4 Nb4 14.Qd2 a5 15.
Nd4 Bc4 16.Bd3 d5 17.e5 Ne4 18.Bxe4 dxe4 19.a3 Nd5 20.Nxd5 Bxd5 21.Nb5 1-0

[Event "8th Lost Boys op"]
[Site "Amsterdam NED"]
[Date "2000.08.14"]
[Round "4"]
[White "Wippermann, Till"]
[Black "Van Dongen, Cor"]
[Result "1-0"]
[WhiteElo "2306"]
[BlackElo "2135"]
[EventDate "2000.08.11"]
[PlyCount "59"]

1.e4 c6 2.f4 d5 3.e5 Bf5 4.Nf3 e6 5.c3 c5 6.Na3 Nc6 7.Nc2 Nge7 8.d3 Bg6 9.
Be2 Nf5 10.O-O Be7 11.Qe1 h5 12.Qf2 Qd7 13.Bd2 f6 14.Ne3 fxe5 15.Nxf5 Bxf5
16.fxe5 O-O-O 17.b4 cxb4 18.cxb4 d4 19.Rfc1 Kb8 20.Rab1 Ka8 21.b5 Nb8 22.
Rc4 Rhf8 23.Qe1 Rc8 24.Ra4 Rc5 25.Nxd4 Rd5 26.Be3 Bc5 27.Nxf5 Rxf5 28.Bf3 
Rdxe5 29.d4 Bxd4 30.Rxd4 1-0

[Event "8th Lost Boys op"]
[Site "Amsterdam NED"]
[Date "2000.08.14"]
[Round "4"]
[White "Burlage, Peter"]
[Black "Sadewasser, Axel"]
[Result "0-1"]
[WhiteElo "2239"]
[BlackElo "2211"]
[EventDate "2000.08.11"]
[PlyCount "82"]

1.e4 e6 2.d4 d5 3.Nc3 Bb4 4.e5 c5 5.a3 Bxc3+ 6.bxc3 Ne7 7.Nf3 Bd7 8.a4 Qa5
9.Bd2 Nbc6 10.Bb5 f6 11.O-O O-O-O 12.Re1 Qc7 13.Bc1 fxe5 14.dxe5 Ng6 15.
Bd3 Rdf8 16.Qe2 Nce7 17.a5 Nf4 18.Qe3 Nxd3 19.cxd3 Nf5 20.Qe2 Be8 21.h3 h6
22.Ba3 Bb5 23.Qd2 Rf7 24.d4 c4 25.Reb1 a6 26.Bc5 Qc6 27.Ne1 g5 28.Nc2 Rg8 
29.Na3 g4 30.Nxb5 axb5 31.hxg4 Rxg4 32.f3 Rg3 33.Rb2 Rfg7 34.Qf4 h5 35.Kh2
h4 36.Rba2 h3 37.gxh3 Qe8 38.h4 Qg6 39.a6 Rg2+ 40.Kh1 Rg1+ 41.Kh2 bxa6 0-1

[Event "8th Lost Boys op"]
[Site "Amsterdam NED"]
[Date "2000.08.14"]
[Round "4"]
[White "Lahaye, Rick"]
[Black "Byklum, Bjornar"]
[Result "1/2-1/2"]
[WhiteElo "2220"]
[BlackElo "2127"]
[EventDate "2000.08.11"]
[PlyCount "78"]

1.e4 c5 2.c4 Nc6 3.Nf3 Nf6 4.Nc3 e6 5.Be2 d5 6.exd5 exd5 7.d4 cxd4 8.Nxd4 
Bb4 9.O-O O-O 10.Bg5 Bxc3 11.bxc3 h6 12.Bxf6 Qxf6 13.Nxc6 bxc6 14.cxd5 Rd8
15.c4 cxd5 16.cxd5 Bb7 17.Bf3 Rd7 18.Qa4 Rad8 19.Rad1 Qa6 20.Rd4 Qxa4 21.
Rxa4 Bxd5 22.Bxd5 Rxd5 23.Rxa7 Rd1 24.h3 Rxf1+ 25.Kxf1 Rd2 26.Ke1 Rb2 27.
a4 Ra2 28.Ra8+ Kh7 29.a5 Kg6 30.a6 Kf6 31.g3 h5 32.Kd1 Rxf2 33.Kc1 Ra2 34.
Kb1 Ra5 35.Kb2 Kf5 36.Kc3 Ke4 37.Kb4 Ra1 38.Kb5 Kf3 39.Rf8 Kxg3 1/2-1/2

[Event "8th Lost Boys op"]
[Site "Amsterdam NED"]
[Date "2000.08.15"]
[Round "5"]
[White "Piket, Jeroen"]
[Black "Meijers, Viesturs"]
[Result "1-0"]
[WhiteElo "2649"]
[BlackElo "2478"]
[EventDate "2000.08.11"]
[PlyCount "141"]

1.d4 Nf6 2.c4 e6 3.Nc3 b6 4.e4 Bb7 5.f3 d6 6.Be3 c6 7.Bd3 Be7 8.Nge2 Na6 
9.O-O O-O 10.Qd2 Nb4 11.Bb1 a5 12.a3 Na6 13.Bc2 Nc7 14.Bd3 Ba6 15.Rfc1 Qb8
16.e5 Nd7 17.f4 Rd8 18.Ne4 d5 19.cxd5 Bxd3 20.Qxd3 cxd5 21.Ng5 Bxg5 22.
fxg5 Qb7 23.h4 Rac8 24.Nf4 Qa6 25.Rc6 Qxd3 26.Nxd3 Na8 27.Rac1 Rxc6 28.
Rxc6 g6 29.Bd2 Nb8 30.Rc2 Kf8 31.b4 axb4 32.Bxb4+ Ke8 33.Nf2 Kd7 34.Ng4 
Nc7 35.Nf6+ Kc8 36.Bd6 Na6 37.Nxh7 Rh8 38.Nf6 Kb7 39.g3 Nb5 40.Rd2 Nb8 41.
a4 Nxd6 42.exd6 Kc6 43.Ng4 Kxd6 44.Ne5 Rf8 45.Rf2 Ke7 46.Rc2 Kd8 47.Rb2 
Nd7 48.Nxd7 Kxd7 49.Rxb6 Ra8 50.Rb4 e5 51.dxe5 Ke6 52.Kf2 Kxe5 53.Ke3 Rc8 
54.Kd2 Rc5 55.Rf4 Ke6 56.Rf6+ Ke7 57.Kd3 Rc1 58.a5 Rd1+ 59.Kc2 Ra1 60.a6 
d4 61.Kd3 Ra4 62.g4 Kf8 63.h5 gxh5 64.gxh5 Kg7 65.h6+ Kg8 66.Ke4 Rb4 67.
Rd6 Ra4 68.Rd8+ Kh7 69.Rd7 Rxa6 70.Rxf7+ Kh8 71.Rf6 1-0

[Event "8th Lost Boys op"]
[Site "Amsterdam NED"]
[Date "2000.08.15"]
[Round "5"]
[White "Nep, Ron"]
[Black "Hillarp Persson, Tiger"]
[Result "1/2-1/2"]
[WhiteElo "2192"]
[BlackElo "2549"]
[EventDate "2000.08.11"]
[PlyCount "140"]

1.d4 d5 2.Nf3 Nf6 3.c4 c6 4.Nc3 dxc4 5.a4 Bf5 6.e3 e6 7.Bxc4 Bb4 8.O-O O-O
9.Qe2 Bg6 10.Rd1 Nbd7 11.Bd3 Bh5 12.e4 e5 13.Be3 Qe7 14.h3 Rad8 15.Bc2 Bd6
16.d5 Bxf3 17.Qxf3 a5 18.Bg5 h6 19.Bh4 Bb4 20.Rac1 Nc5 21.Rd2 Rd6 22.Rcd1 
Rfd8 23.Qf5 g6 24.Qf3 Kg7 25.g4 Ne6 26.Bg3 Ng5 27.Qg2 Bxc3 28.bxc3 cxd5 
29.exd5 e4 30.Bxd6 Qxd6 31.Kh1 Rc8 32.Qg3 Qxg3 33.fxg3 Nxh3 34.Re1 Ng5 35.
Bd1 Rxc3 36.d6 e3 37.Rd4 Ne6 38.d7 Nd8 39.Be2 Kf8 40.Bb5 Ke7 41.Kg2 Ne6 
42.Rdd1 Kd8 43.Kf3 Ng5+ 44.Kf4 Rb3 45.Rc1 Nxd7 46.Rcd1 Ne6+ 47.Kf3 Nc5 48.
Rd5 Kc7 49.Rc1 Rxb5 50.axb5 Kb6 51.Kxe3 Kxb5 52.Rf1 Nb6 53.Rd8 Nc4+ 54.Ke2
Ne6 55.Rd7 Kc6 56.Rdxf7 b5 57.R7f6 Kd5 58.Rxg6 Nd4+ 59.Kd3 Ne5+ 60.Ke3 
Nxg6 61.Rd1 Ne5 62.Rxd4+ Kc5 63.Rf4 b4 64.Rf5 Kd5 65.Kd2 a4 66.Kc2 Kd4 67.
Rf4+ Kc5 68.Rf5 Kd4 69.Rf4+ Kc5 70.Rf5 Kd4 1/2-1/2

[Event "8th Lost Boys op"]
[Site "Amsterdam NED"]
[Date "2000.08.15"]
[Round "5"]
[White "Nio Bertholee, Rob"]
[Black "Kidambi, Sundararajan"]
[Result "1/2-1/2"]
[WhiteElo "2343"]
[BlackElo "2404"]
[EventDate "2000.08.11"]
[PlyCount "118"]

1.e4 c6 2.d4 d5 3.exd5 cxd5 4.c4 Nf6 5.Nc3 e6 6.Nf3 Bb4 7.cxd5 Nxd5 8.Qd3 
Nc6 9.Be2 O-O 10.O-O Be7 11.a3 Nxc3 12.bxc3 Bf6 13.Qe4 Qd5 14.Bd3 Qxe4 15.
Bxe4 Bd7 16.Rb1 b6 17.Ne5 Bxe5 18.dxe5 Rac8 19.Bxc6 Bxc6 20.Be3 Be4 21.Rb4
Bd3 22.Rc1 Rfd8 23.f4 Bc4 24.Kf2 Rd3 25.Ra4 Rd7 26.g4 h6 27.Bd4 Rc6 28.Ke3
Kh7 29.Rb4 Rdc7 30.a4 Rd7 31.Ra1 Rd5 32.a5 Rxa5 33.Rxa5 bxa5 34.Rb7 a4 35.
Rxa7 Ra6 36.Rxa6 Bxa6 37.Bc5 Kg8 38.f5 Bc8 39.Kf4 f6 40.Ba3 Kf7 41.c4 Ba6 
42.c5 Bb7 43.h4 Bc6 44.Bc1 exf5 45.gxf5 g5+ 46.fxg6+ Kxg6 47.h5+ Kf7 48.
Kf5 Bd7+ 49.Ke4 Bc6+ 50.Kd4 fxe5+ 51.Kxe5 Bf3 52.Bxh6 Bxh5 53.c6 Bg4 54.
Bc1 Ke7 55.Ba3+ Kd8 56.Kd6 Kc8 57.Kc5 Bf3 58.Kb5 Kc7 59.Kxa4 Kxc6 1/2-1/2

[Event "8th Lost Boys op"]
[Site "Amsterdam NED"]
[Date "2000.08.15"]
[Round "5"]
[White "Peng, Zhaoqin"]
[Black "Amesz, Jaap"]
[Result "1-0"]
[WhiteElo "2403"]
[BlackElo "2185"]
[EventDate "2000.08.11"]
[PlyCount "119"]

1.c4 e5 2.Nc3 Nc6 3.g3 g6 4.Bg2 Bg7 5.e3 Nge7 6.Nge2 O-O 7.Rb1 d6 8.b4 Be6
9.b5 Na5 10.d3 d5 11.cxd5 Nxd5 12.Ba3 Re8 13.O-O a6 14.Qc2 axb5 15.Nxb5 
Nc6 16.Bc5 Qd7 17.a4 Ra6 18.Rfc1 Rea8 19.Nec3 Nb6 20.Bxb6 Rxb6 21.Ne4 Qd8 
22.Nc5 Bc8 23.Qa2 Bf8 24.Bd5 Bxc5 25.Rxc5 Qe7 26.Rcc1 Rba6 27.Nc3 Nd8 28.
Bc4 R6a7 29.Nd5 Qd6 30.Qe2 Nc6 31.Qf3 Kg7 32.Nc3 Qe7 33.Bd5 Bd7 34.Nb5 
Rxa4 35.Nxc7 Rb8 36.Bc4 Bg4 37.Qxg4 Qxc7 38.Qf3 Rc8 39.h4 Na5 40.Bxf7 
Qxc1+ 41.Rxc1 Rxc1+ 42.Kg2 Rc7 43.Be8 Nc6 44.Qd5 Re7 45.Bxc6 bxc6 46.Qxc6 
Raa7 47.g4 Kf7 48.g5 Rac7 49.Qf6+ Ke8 50.Kg3 Rb7 51.Qh8+ Kd7 52.Qa8 Ke6 
53.f4 exf4+ 54.Kxf4 Kf7 55.Qh8 Ke6 56.e4 Rf7+ 57.Ke3 Ra7 58.Qc8+ Kd6 59.
Qd8+ Ke6 60.Qb6+ 1-0

[Event "8th Lost Boys op"]
[Site "Amsterdam NED"]
[Date "2000.08.15"]
[Round "5"]
[White "Van Delft, Merijn"]
[Black "Hendriks, Willy"]
[Result "0-1"]
[WhiteElo "2320"]
[BlackElo "2378"]
[EventDate "2000.08.11"]
[PlyCount "80"]

1.e4 d6 2.d4 Nf6 3.Nc3 g6 4.Be3 c6 5.Qd2 b5 6.Bd3 Bg7 7.Bh6 Bxh6 8.Qxh6 e5
9.dxe5 dxe5 10.Nf3 Nbd7 11.O-O Qe7 12.a4 b4 13.Nb1 Nc5 14.Nbd2 Bg4 15.Qg5 
Bxf3 16.Nxf3 Nfd7 17.Qh6 a5 18.Rfe1 f6 19.Bf1 O-O-O 20.Qe3 Kc7 21.b3 Nb6 
22.c3 Ne6 23.cxb4 Qxb4 24.Rac1 Kb7 25.Qe2 Rd6 26.Qa6+ Kb8 27.Re3 Rc8 28.
Rec3 Rc7 29.Qe2 Nd4 30.Nxd4 exd4 31.Rg3 Nd7 32.Qc2 c5 33.Bc4 Ne5 34.Bd5 g5
35.f4 d3 36.Qf2 d2 37.Rd1 gxf4 38.Rg8+ Rc8 39.Rxc8+ Kxc8 40.Qxf4 Rxd5 0-1

[Event "8th Lost Boys op"]
[Site "Amsterdam NED"]
[Date "2000.08.15"]
[Round "5"]
[White "Konguvel, Ponnuswamy"]
[Black "Peek, Marcel"]
[Result "0-1"]
[WhiteElo "2377"]
[BlackElo "2299"]
[EventDate "2000.08.11"]
[PlyCount "64"]

1.e4 c5 2.Nf3 d6 3.d4 cxd4 4.Nxd4 Nf6 5.Nc3 Nc6 6.Bc4 e6 7.Be3 a6 8.Qe2 
Qc7 9.O-O-O Na5 10.Bd3 b5 11.a3 Rb8 12.g4 Nd7 13.f4 Nb6 14.f5 Nbc4 15.g5 
b4 16.axb4 Rxb4 17.g6 hxg6 18.fxg6 fxg6 19.Bg5 Qc5 20.e5 Rxb2 21.Bxg6+ Kd7
22.Rhf1 Kc7 23.Rf7+ Kb8 24.Rdf1 Qa3 25.Kd1 Qxc3 26.Qd3 Rb1+ 27.Ke2 Rxh2+ 
28.R7f2 Rxf2+ 29.Kxf2 Rxf1+ 30.Kxf1 Qxd3+ 31.cxd3 Nxe5 32.Bd2 Nac6 0-1

[Event "8th Lost Boys op"]
[Site "Amsterdam NED"]
[Date "2000.08.15"]
[Round "5"]
[White "Van Harreveld, Frenk"]
[Black "Bosboom, Manuel"]
[Result "1-0"]
[WhiteElo "2307"]
[BlackElo "2455"]
[EventDate "2000.08.11"]
[PlyCount "75"]

1.c4 c5 2.g3 Nf6 3.Bg2 e6 4.Nf3 a6 5.Nc3 Qc7 6.O-O Be7 7.b3 O-O 8.Bb2 b6 
9.d4 cxd4 10.Nxd4 Bb7 11.e4 Nc6 12.Nc2 Rad8 13.Qe2 d6 14.Rad1 Rfe8 15.Rfe1
Qb8 16.Rd2 Ba8 17.Red1 h6 18.h3 Na7 19.Nd4 Rc8 20.Kh2 Bf8 21.Qf1 Rc5 22.
Ba3 Rh5 23.Nde2 b5 24.Bxd6 Bxd6 25.Rxd6 bxc4 26.Nf4 Rc5 27.bxc4 Nc6 28.Qe2
h5 29.Qe3 Ra5 30.c5 Ne7 31.Nd3 Ra3 32.Ne5 Qb4 33.R1d3 Nc8 34.Rd8 Rxd8 35.
Rxd8+ Kh7 36.Nxf7 Qxc3 37.Qg5 Ng8 38.Qxh5+ 1-0

[Event "8th Lost Boys op"]
[Site "Amsterdam NED"]
[Date "2000.08.15"]
[Round "5"]
[White "Leer-Salvesen, Bjarte"]
[Black "Jonkman, Harmen"]
[Result "0-1"]
[WhiteElo "2277"]
[BlackElo "2424"]
[EventDate "2000.08.11"]
[PlyCount "56"]

1.c4 e6 2.g3 d5 3.Bg2 Nf6 4.Nf3 c6 5.b3 a5 6.Bb2 a4 7.d3 Bd6 8.O-O O-O 9.
Nbd2 Nbd7 10.Qc2 a3 11.Bc3 e5 12.e3 Qe7 13.d4 e4 14.Ne1 Ng4 15.Qd1 f5 16.
cxd5 cxd5 17.h3 Nh6 18.f4 exf3 19.Qxf3 Nf6 20.Rf2 Ne4 21.Rc1 Be6 22.Nf1 
Nxf2 23.Qxf2 Nf7 24.h4 Nh6 25.Nd3 Ng4 26.Qf3 Nf6 27.Nf4 Ne4 28.Nd2 Rac8 
0-1

[Event "8th Lost Boys op"]
[Site "Amsterdam NED"]
[Date "2000.08.15"]
[Round "5"]
[White "Ree, Hans"]
[Black "Berkvens, Joost"]
[Result "0-1"]
[WhiteElo "2417"]
[BlackElo "2364"]
[EventDate "2000.08.11"]
[PlyCount "59"]

1.d4 Nf6 2.c4 e6 3.Nf3 d5 4.Nc3 Be7 5.Bg5 h6 6.Bh4 O-O 7.Qc2 b6 8.e3 Nbd7 
9.cxd5 exd5 10.Bd3 Bb7 11.O-O c5 12.Bf5 Nh5 13.Bg3 Nxg3 14.hxg3 Nf6 15.
Rfd1 Qb8 16.g4 Rd8 17.g5 hxg5 18.Nxg5 Bc8 19.Bh7+ Kf8 20.Bg6 Ng4 21.Nxf7 
Qh2+ 22.Kf1 Qh1+ 23.Ke2 Qxg2 24.Rf1 Ba6+ 25.Bd3 Bxd3+ 26.Qxd3 Kxf7 27.Qf5+
Bf6 28.Rad1 cxd4 29.Rxd4 Nxe3 30.Kxe3 0-1

[Event "8th Lost Boys op"]
[Site "Amsterdam NED"]
[Date "2000.08.15"]
[Round "5"]
[White "Saravanan, Venkat"]
[Black "Egeli, Per Ove"]
[Result "1-0"]
[WhiteElo "2412"]
[BlackElo "2347"]
[EventDate "2000.08.11"]
[PlyCount "87"]

1.e4 c6 2.d4 d5 3.e5 Bf5 4.Nc3 Qb6 5.g4 Bd7 6.Na4 Qa5+ 7.c3 h5 8.b4 Qc7 9.
gxh5 Bf5 10.Ne2 Bg4 11.Rg1 Bxh5 12.e6 fxe6 13.Qc2 e5 14.dxe5 Qxe5 15.Bf4 
Qf6 16.Bg5 Bg6 17.Qd2 Qf7 18.Nf4 Bf5 19.Nc5 e6 20.O-O-O Bxc5 21.bxc5 Nd7 
22.Nd3 Ngf6 23.f3 Qe7 24.Bf4 Nxc5 25.Nxc5 Qxc5 26.Bd3 Bxd3 27.Qxd3 Qe7 28.
Rde1 Kd7 29.Kb1 Nh5 30.Be5 Qf7 31.Rg5 Rhg8 32.Reg1 Nf6 33.Qd4 b6 34.Qb4 
Ne8 35.Rxg7 Rxg7 36.Rxg7 Nxg7 37.Qd6+ Ke8 38.Qxc6+ Qd7 39.Qxa8+ Kf7 40.Ka1
Nf5 41.Qh8 Qc6 42.Qh7+ Ke8 43.Bf6 d4 44.Qg8+ 1-0

[Event "8th Lost Boys op"]
[Site "Amsterdam NED"]
[Date "2000.08.15"]
[Round "5"]
[White "Rebers, Eugene"]
[Black "Wiersma, Eelke"]
[Result "1-0"]
[WhiteElo "2257"]
[BlackElo "2402"]
[EventDate "2000.08.11"]
[PlyCount "53"]

1.g3 c5 2.Bg2 g6 3.e4 Nc6 4.d3 Bg7 5.Nf3 e6 6.O-O Nge7 7.Nbd2 O-O 8.Re1 d6
9.c3 Rb8 10.a4 a6 11.Nb3 b5 12.axb5 axb5 13.d4 b4 14.c4 Qb6 15.dxc5 dxc5 
16.Qd6 Ba6 17.Qxc5 Qb7 18.e5 Rfc8 19.Nfd4 Bf8 20.Be3 Nd5 21.cxd5 Bxc5 22.
Nxc5 Nxd4 23.Nxb7 Nc2 24.Nd6 Nxe1 25.Nxc8 Nxg2 26.Ne7+ Kf8 27.Nc6 1-0

[Event "8th Lost Boys op"]
[Site "Amsterdam NED"]
[Date "2000.08.15"]
[Round "5"]
[White "Krnic, Zdenko"]
[Black "Blokhuis, Jeroen"]
[Result "1-0"]
[WhiteElo "2401"]
[BlackElo "2240"]
[EventDate "2000.08.11"]
[PlyCount "113"]

1.Nf3 Nf6 2.c4 e6 3.g3 d5 4.b3 Nbd7 5.Bg2 Bd6 6.Bb2 O-O 7.O-O c6 8.d4 Ne4 
9.Ne1 f5 10.Nd3 Qe8 11.Ba3 Bxa3 12.Nxa3 g5 13.f3 Nd6 14.Qd2 Qg6 15.c5 Nf7 
16.e4 Nf6 17.exf5 exf5 18.Rae1 Bd7 19.Nc2 Rae8 20.Ne5 Nxe5 21.dxe5 Nh5 22.
f4 g4 23.Qa5 a6 24.Qb6 Bc8 25.a4 Ng7 26.b4 Qh5 27.b5 axb5 28.axb5 Re6 29.
bxc6 bxc6 30.Nd4 Rh6 31.Kf2 Qe8 32.Ra1 Ne6 33.Nxe6 Qxe6 34.Kg1 Bd7 35.Ra7 
Be8 36.Qd8 Rf7 37.Rfa1 Rd7 38.Rxd7 Qxd7 39.Qb8 Rg6 40.Ra7 Qe6 41.Qd6 Qf7 
42.Rxf7 Rxd6 43.Rxf5 Rd7 44.e6 Re7 45.Rg5+ Kf8 46.f5 Rg7 47.Rxg7 Kxg7 48.
Bf1 Kf6 49.Bd3 Ke5 50.Kf2 Bh5 51.Ke2 h6 52.Kd2 d4 53.Kc2 Kd5 54.Kb3 Kxc5 
55.f6 Kd6 56.f7 Ke7 57.Kc4 1-0

[Event "8th Lost Boys op"]
[Site "Amsterdam NED"]
[Date "2000.08.15"]
[Round "5"]
[White "Molinari, Gabriel"]
[Black "Blees, Albert"]
[Result "0-1"]
[WhiteElo "2121"]
[BlackElo "2389"]
[EventDate "2000.08.11"]
[PlyCount "48"]

1.e4 c5 2.Nc3 Nc6 3.g3 g6 4.Bg2 Bg7 5.f4 d6 6.Nf3 e5 7.d3 Nge7 8.O-O O-O 
9.h3 Be6 10.g4 f5 11.Ng5 Bd7 12.fxe5 Nxe5 13.exf5 gxf5 14.gxf5 Nxf5 15.
Bd5+ Kh8 16.Nxh7 Qh4 17.Nxf8 Rxf8 18.Bg2 Nxd3 19.Qxd3 Bd4+ 20.Kh2 Be5+ 21.
Kg1 Rg8 22.Rxf5 Bxf5 23.Qxf5 Qe1+ 24.Qf1 Rxg2+ 0-1